000 00614nam a2200217 a 4500
001 3606
003 CO-ViMGA
008 141112s2004 ck r 000 u spa d
040 _aCO-ViMGA
_bspa
_cCO-ViMGA
082 0 4 _a407 A547
100 1 _aAlisedo, Graciela
_953542
245 1 0 _aDidáctico de las ciencias del lenguaje :
_baportes y reflexiones
260 _aBuenos Aires :
_bPaidos,
_c1994
300 _a233 p
490 _aPaidos educador, 111
650 1 4 _aCASTELLANOS - ENSEÑANZA
_953543
650 1 4 _aLECTURA
650 1 4 _aLENGUAJE - DIDACTICA
_953545
650 1 4 _aORTOGRAFIA
_96186
942 _2ddc
_cBK
999 _c15647
_d15647